000
00344 a2200169 4500
001
186541
020
_a
85-85672-77-3
040
_c
Magnum
100
_a
Brandao, Maria do Carmo
240
1
0
_a
A aranha
_l
por
245
1
0
_a
A aranha
300
_a
20
362
0
_a
2001
440
1
_a
Miguilim
697
_a
LITERATURA INFANTIL
942
_c
BK
999
_c
186541
_d
186541